LEADER 01496nam a2200337 u 4500 001 000000026091 003 CaOOAMICUS 005 20070226111534.0 008 950725s1922 it u000 u ita u 035 $a10672496 040 $aPUL$bita 041 1 $aita$hlat 100 1 $aTertullianus, Quintus Septimius Florens,$dc. 160-c. 225.$0(OLS)http://pul/name/1914 240 10$aGruppi, scelte$9(Tertullianus, Quintus Septimius Florens, c. 160-c. 225).$lItaliano.$0(OLS)http://pul/title/35876 245 10$aTertulliano /$ca cura di Felice Ramorino. 260 $aMilano :$bVita e pensiero,$c1922. 300 $a314 p. ;$c20 cm 490 1 $aIl pensiero cristiano ;$v3 600 14$aTertullianus, Quintus Septimius Florens,$dc. 160-c. 225.$0(OLS)http://pul/subject/1656 700 1 $aRamorino, Felice,$d1852-1929.$0(OLS)http://pul/name/7561 830 3$aIl pensiero cristiano ;$v3.$0(OLS)http://pul/title/35878 850 $aPUL 852 $aPUL$W1$xDP2 Religione 1$y63$m24 B 37$j36478$nBK-PRI$qStampati$B36478$CPULBib$Z2$F36478 $H311 $82 900 $aTertulliano,$dc. 160-c. 225$91914 900 $aTertulliano, Quinto Settimio Fiorente,$dc. 160-c. 225$91914 941 1 $a8 960 $aTertulliano,$dc. 160-c.225$91656 960 $aTertulliano, Quinto Settimio Fiorente,$dc. 160-c. 225$91656 961 $aINV: 311 996 $6245$aTertulliano$9(OLS)http://pul/title/35877 996 $6260$aMilano :$bVita e pensiero$9(OLS)http://pul/publisher/48016 LEADER 01388naa a2200241 u 4500 001 000000100151 003 CaOOAMICUS 005 20070226130201.0 008 051018s1999 it u000 u ita u 020 $a8815072330 035 $a11064273 040 $aIAR$bita 100 1 $aParrinello, Rosa Maria.$0(OLS)http://pul/name/62793 245 10$aPaternità spirituale e padri spirituali a Bisanzio :$bGiovanni Climaco, Teodoro Studita e Simeone il Nuovo Teologo /$cRosa Maria Parrinello. 260 $aBologna :$bIl Mulino,$c1999. 300 $aS. 349-374 ;$c24 cm 730 0 $aAnnali dell'Istituto storico italo-germanico in Trento = Jahrbuch des Italienisch-Deutschen Historischen Instituts in Trient$g[Spogli].$0(OLS)http://pul/title/8676 773 0 $aJahrbuch des italienisch-deutschen historischen Instituts in Trient.$g24 (1998) 773 0 $aAnnali dell'Istituto storico italo-germanico in Trento.$g24 (1998) 773 0 $aIstituto storico italo-germanico.$tAnnali dell'Istituto storico italo-germanico in Trento = Jahrbuch des Italienisch-Deutschen Historischen Instituts in Trient$w()5918 996 $6020$a8815072330$9(OLS)http://pul/number/129722 996 $6245$aPaternità spirituale e padri spirituali a Bisanzio :$bGiovanni Climaco, Teodoro Studita e Simeone il Nuovo Teologo$9(OLS)http://pul/title/127039 996 $6260$aBologna :$bIl Mulino$9(OLS)http://pul/publisher/47928